Countries with the Most Subscribed YouTube Channels - Statistics

General Stats
  • This quiz has been taken 364 times
  • The average score is 10 of 15
Answer Stats
Subscribers
in millions
Country % Correct
145 United States
99%
227 India
94%
52.6 United Kingdom
94%
70.3 Canada
93%
66.1 Brazil
90%
45.9 Mexico
90%
88.8 Russia
87%
111 Sweden
83%
53.2 Argentina
74%
82.5 South Korea
66%
46.5 Chile
50%
102 Ukraine
50%
50.9 Romania
22%
77.8 Cyprus
9%
45.3 El Salvador
6%
No matching quizzes found
Score Distribution
Percent of People with Each Score
Percentile by Number Answered
Your Score History
You have not taken this quiz